FUNDAMENTALS OF BANKING THEORY & PRACTICE (Record no. 4992)
[ view plain ]
| 000 -LEADER | |
|---|---|
| fixed length control field | 00331cam a2200145ua 4500 |
| 008 - FIXED-LENGTH DATA ELEMENTS--GENERAL INFORMATION | |
| fixed length control field | 191011n II |||gr||||Z||||||eng |
| 040 ## - CATALOGING SOURCE | |
| Original cataloging agency | MAIN |
| 041 ## - LANGUAGE CODE | |
| -- | English |
| 082 ## - DEWEY DECIMAL CLASSIFICATION NUMBER | |
| Classification number | 332 BAS |
| 100 ## - MAIN ENTRY--PERSONAL NAME | |
| Personal name | BASU , A.K. |
| 245 ## - TITLE STATEMENT | |
| Title | FUNDAMENTALS OF BANKING THEORY & PRACTICE |
| 942 ## - ADDED ENTRY ELEMENTS (KOHA) | |
| Koha item type | Books |
| 653 ## - INDEX TERM--UNCONTROLLED | |
| Uncontrolled term | Financial economics |
| Withdrawn status | Lost status | Damaged status | Not for loan | Collection code | Home library | Current library | Shelving location | Date acquired | Full call number | Barcode | Date last seen | Copy number | Price effective from | Koha item type |
|---|---|---|---|---|---|---|---|---|---|---|---|---|---|---|
| TBECO | Central Library and Information Centre Sibsagar Girls College | Central Library and Information Centre Sibsagar Girls College | Economics Rack | 15.05.1975 | 332 BAS | 04712 | 27.02.2020 | 1 | 27.02.2020 | Books |